00446 2200157 4500001002100000005001500021035002000036245008700056100001900143300002600162260004400188082000800232084001400240020002200254990001200276INLIS00000000000169420250430085207 a0010-04250001101 aBuku Pintar :bRangkuman & Trik Bahasa Inggris SMP Kelas 1, 2, 3 /cTia Puspita G.0 aTia Puspita G. a276 hlm ;c13 x 18 cm aSurabaya :bGentasmart Publisher,c2013 a420 a420 TIA b a978-602-17047-5-2 a0754649